LEADER 01201nam2-2200373li-450 001 990000181720203316 005 20180312154814.0 035 $a0018172 035 $aUSA010018172 035 $a(ALEPH)000018172USA01 035 $a0018172 100 $a20001109d1975----km-y0itay0103----ba 101 0 $aeng 102 $aUS 200 1 $aMethods of numerical mathematics$fG. I. Marchuk$gtranslated by JiriRuzicka 210 $aNew York [etc.]$cSpringer Verlag,1975 215 $aVIII, 316 p.$cill.$d24 cm 225 2 $aApplications of mathematics$v2 312 $aTrad. di: metody vychislitel'noi matematiki. 410 0$10010018173$12001$aApplications of mathematics 676 $a5194$9Analisi numerica applicata 700 1$aMarchuk,$bGurii Ivanovich$049044 702 1$aRuzicka,$bJiri 801 $aSistema bibliotecario di Ateneo dell' Università di Salerno$gRICA 912 $a990000181720203316 951 $a510 AM (2)$b0007230 959 $aBK 969 $aSCI 979 $c19910410 979 $c20001110$lUSA01$h1713 979 $c20020403$lUSA01$h1626 979 $aPATRY$b90$c20040406$lUSA01$h1613 996 $aMethods of Numerical Mathematics$9342225 997 $aUNISA LEADER 01067pam a2200301 a 4500 001 991002046759707536 008 070110s2004 njua b 000 0 eng d 020 $a9812388656 020 $a9812388664 (pbk.) 035 $ab13467694-39ule_inst 040 $aDip.to Fisica$beng 082 0 $a530.1$222 084 $aLC QC20 084 $a53(081) 100 1 $aAnderson, Philip W.$044343 245 12$aA career in theoretical physics /$cPhilip W. Anderson 250 $a2. ed. 260 $a[Hackensack] N.J. :$bWorld Scientific,$cc2004 300 $axix, 862 p. :$bill. ;$c27 cm 440 0$aWorld Scientific series in 20th century physics ;$vvol. 35 504 $aIncludes bibliographical references 650 0$aMathematical physics 907 $a.b13467694$b10-01-07$c10-01-07 912 $a991002046759707536 945 $aLE006 53(08+092) AND$g1$i2006000158442$lle006$op$pE42.97$q-$rl$s- $t0$u1$v0$w1$x0$y.i14342467$z10-01-07 996 $aCareer in theoretical physics$9375110 997 $aUNISALENTO 998 $ale006$b10-01-07$cm$da $e-$feng$gnju$h2$i0